000 00255nam a2200109Ia 4500
008 190216s9999||||xx |||||||||||||| ||und||
100 _aNull
245 0 _aHow To Read A Blalance Sheet
260 _bUniversal Publishing
_c1995
300 _a165p
942 _cBK
999 _c6123
_d6123